A Turma (Registo nº 1120)
[ vista simples ]
| 000 -Etiqueta do registo | |
|---|---|
| Cabeçalho | 01929nlm0a2200373 i 4500 |
| 005 - Identificador da versão | |
| Campo de controlo | 20240813121826.0 |
| 071 0# - Número do editor (registos sonoros e música) | |
| Número do editor | 3866/2009 |
| 100 ## - Dados gerais de processamento | |
| Dados gerais de processamento | 20100512d2008 m y0pory5003 ba |
| 102 ## - Pais de publicação ou produção | |
| País de publicação | Portugal |
| 101 0# - Língua de publicação | |
| Língua do texto, banda sonora, etc. | Francês |
| Língua do documento no original | Francês |
| Língua das legendas | Português |
| 115 ## - Campo de dados codificados: Projecções Visuais, Filmes e Vídeos | |
| Dados modificados - geral | b128bbzzzzz ezxxc |
| 215 ## - Descrição física | |
| Indicação específica da natureza do documento e extensão da espécie | 2 DVD (PAL 2) (128 min.) |
| Outras indicações físicas | col., son. |
| Dimensões | 12 cm |
| 200 1# - Titulo e menção de responsabilidade | |
| Título próprio | A Turma |
| Indicação geral da natureza do documento | Registo Vídeo |
| Título paralelo | Entre les Murs |
| Primeira menção de responsabilidade | real. Laurent Cantet |
| 210 ## - Publicação, Distribuição, etc. | |
| Lugar da edição, distribuição, etc. | PT |
| Nome do editor, distribuidor, etc. | [distrib.] Midas Filmes |
| Data da publicação, distribuição, etc. | 2008 |
| 306 ## - Notas relativas a publicação, distribuição, etc. | |
| Texto da nota | Distribuidor Cinema: Midas Filmes |
| 323 ## - Nota ao elenco (material de projecção e video de registos sonoros) | |
| Texto da nota | Elenco: François Bégaudeau ,Nassim Amrabt , Laura Baquela , Cherif Bounaïdja Rachedi, Juliette Demaille, Dalla Doucoure, Arthur Fogel, Damien Gomes, Louise Grinberg |
| 300 ## - Notas gerais | |
| Texto da nota | Palma de Ouro Cannes 2008 |
| 314 ## - Notas relativas a responsabilidade intelectual | |
| Texto da nota | Baseado no livro de: François Begaudeau |
| 305 ## - Notas relativas à edição e história bibliográfica da publicação | |
| Texto da nota | Data lançamento 2008 |
| 322 ## - Nota aos responsáveis artísticos e técnicos (material de projecção e video e registos sonoros) | |
| Texto da nota | Créditos: Argumento; Laurent Cantet, François Begaudeau, Robin Campillo; produtores Carole Scotta, Caroline Benjo, Barbara Letellier, Simon Arnal; Coprodução Haut et Court France 2 |
| 333 ## - Nota relativa aos potenciais utilizadores | |
| Texto da nota | Classificação: M12 |
| 330 ## - Sumário ou Resumo | |
| Texto da nota | Resumo: As culturas e as atitudes diferentes frequentemente colidem dentro da sala de aula, um microcosmos da França contemporânea. Apesar de divertidos e inspiradores, tanto quanto os adolescentes podem ser, o seu difícil comportamento pode, no entanto, pôr em causa o entusiasmo de um professor pelo seu trabalho mal pago. |
| 327 1# - Nota de conteúdo | |
| Texto da nota | Conteúdo: Disco 1: Filme; Capítulos;Trailer; Disco 2: Extras; Making of; Cenas Comentadas; Ateliers de Improvisação; Auto-Retratos; Entrevista a Laurent Cantet; Entrevista a François Begaudeau; Cartazes; Fotos. |
| 606 ## - Nome comum usado como assunto | |
| Número de registo de entrada de autoridade | 0001157 |
| Palavra de ordem | Filme |
| Subdivisão de assunto | Melodrama |
| 610 2# - Termos de indexação não controlados | |
| Subject Term | DVD cinema |
| 675 ## - Classificação Decimal Universal (CDU) | |
| Notação | 791.221.4 |
| Edição | BN |
| Língua da edição | por |
| 686 ## - Outras classificações numéricas | |
| Notação | 733 |
| Código do sistema | FIAF |
| 700 #1 - Nome de autor-pessoa física (responsabilidade principal) | |
| Número de registo de entrada de autoridade | 0001915 |
| Palavra de ordem | Cantet |
| Outra parte do nome não tomada para palavra de ordem | Laurent |
| 942 ## - Elementos de entrada adicionados (Koha) | |
| Tipo de item no Koha | Livro |
| Situação do levantamento | Origin of item (home branch) (coded) | Biblioteca de empréstimo | Código de barras | Cota | Circulation type (not for loan) | Tipo de documento | Nota do exemplar | Damaged status |
|---|---|---|---|---|---|---|---|---|
| Biblioteca Escolar Eng. Nuno Mergulhão | Biblioteca Escolar Eng. Nuno Mergulhão | BENM2027 | 2008 | 2027 DVD | DVD | Sem mensagem |
